Nacer del fuego (Record no. 185284)

MARC details
000 -LEADER
campo de control de longitud fija 00819nam a2200241 i 4500
001 - NÚMERO DE CONTROL
campo de control 185284
003 - IDENTIFICADOR DE NÚMERO DE CONTROL
campo de control SpMaBN
005 - FECHA Y HORA DE LA ÚLTIMA TRANSACCIÓN
campo de control 20251017120203.0
008 - DATOS DE LONGITUD FIJA--INFORMACIÓN GENERAL
campo de control de longitud fija 160506s2015 sp a |||| | spa d
020 ## - NÚMERO INTERNACIONAL ESTÁNDAR DEL LIBRO
Número Internacional Estándar del Libro 978-84-86701-89-5
080 ## - NÚMERO DE LA CLASIFICACIÓN DECIMAL UNIVERSAL
Número de la Clasificación Decimal Universal 821.134.2-14"19"
100 1# - ENTRADA PRINCIPAL--NOMBRE DE PERSONA
Nombre de persona Nieto, Pepa.
9 (RLIN) 85665
245 10 - MENCIÓN DEL TÍTULO
Título Nacer del fuego
Resto del título : [erótica reunida] /
Mención de responsabilidad, etc. Pepa Nieto ; palabras preliminares de Ana Rossetti ; [ilustraciones, Diana Lores Nieto].
260 ## - PUBLICACIÓN, DISTRIBUCIÓN, ETC.
Lugar de publicación, distribución, etc. Madrid :
Nombre del editor, distribuidor, etc. Polibea,
Fecha de publicación, distribución, etc. [2015]
300 ## - DESCRIPCIÓN FÍSICA
Extensión 80 p. :
Otras características físicas il. ;
Dimensiones 18 cm.
490 1# - MENCIÓN DE SERIE
Mención de serie El levitador ;
Designación de volumen o secuencia 51
700 1# - ENTRADA AGREGADA--NOMBRE PERSONAL
Nombre de persona Rossetti, Ana,
Fechas asociadas al nombre 1950-
9 (RLIN) 242375
700 1# - ENTRADA AGREGADA--NOMBRE PERSONAL
Nombre de persona Lores Nieto, Diana.
9 (RLIN) 159498
830 0# - PUNTO DE ACCESO ADICIONAL DE SERIE-TÍTULO UNIFORME
Título uniforme El levitador ;
Designación de volumen o secuencia 51
9 (RLIN) 225183
852 ## - LOCALIZACIÓN
Ubicación ES-MaACL
Número de control de estantería A-13736
itemnumber 192307
Sublocalización o colección R.150897
Ubicación en estantería Depósito 1
Signatura antigua Olim: N-6736
942 ## - ELEMENTOS DE ENTRADA SECUNDARIOS (KOHA)
Fuente del sistema de clasificación o colocación Clasificación decimal universal
Tipo de ítem Koha Libro impreso
Holdings
Estatus retirado Estado de pérdida Fuente del sistema de clasificación o colocación Estado de daño No para préstamo Biblioteca de origen Biblioteca actual Ubicación en estantería Fecha de adquisición Fuente de adquisición Total de préstamos Signatura topográfica completa Código de barras Visto por última vez Precio de reemplazo Tipo de ítem Koha
    Clasificación decimal universal     Biblioteca del Ateneo de Madrid Biblioteca del Ateneo de Madrid Depósito 1 06/05/2016 Donación   A-13736 1195210 23/02/2023 23/02/2023 Libro impreso